Liek, ktorý nevieme užívať: technológie a internet
E-health alebo úplná systémová elektronizácia zdravotníctva ako nevyhnutný predpoklad cesty do budúcnosti. Názor riaditeľa segmentu zdravotných služieb spoločnosti IBM v regióne CEE na vývoj v zdravotníctve. Podmienky, ktoré musí zdravotníctvo splniť na to, aby sa elektronizovaný model zdravotnej st...
Salvato in:
| Autore principale: | |
|---|---|
| Natura: | Capitolo di libro |
| Lingua: | slovacco |
| Soggetti: | |
| Tags: |
Nessun Tag, puoi essere il primo ad aggiungerne!!
|
MARC
| LEADER | 00000naa a2200000 4500 | ||
|---|---|---|---|
| 001 | 0135434 | ||
| 005 | 20231009104455.3 | ||
| 041 | 0 | |a slo | |
| 044 | |a SK | ||
| 245 | 1 | 0 | |a Liek, ktorý nevieme užívať: technológie a internet |c Peter Matijek |
| 520 | |a E-health alebo úplná systémová elektronizácia zdravotníctva ako nevyhnutný predpoklad cesty do budúcnosti. Názor riaditeľa segmentu zdravotných služieb spoločnosti IBM v regióne CEE na vývoj v zdravotníctve. Podmienky, ktoré musí zdravotníctvo splniť na to, aby sa elektronizovaný model zdravotnej starostlivosti postavený na sieťach a telemedicíne mohol masovo presadiť. Benefity elektronizácie zdravotníctva. Dánsko ako líder v prevádzkovaní systému e-health. Elektronizácia zdravotníckeho systému ako zložitý problém. Nutná podpora politikov. Šance e-healthu na Slovensku. | ||
| 610 | 2 | 0 | |a zdravotníctvo verejné |
| 610 | 2 | 0 | |a elektronizácia |
| 610 | 2 | 0 | |a technológie informačné |
| 610 | 2 | 0 | |a technológie komunikačné |
| 610 | 2 | 0 | |a Európa |
| 610 | 2 | 0 | |a Slovensko |
| 610 | 2 | 0 | |a Dánsko |
| 100 | 1 | |a Matijek, Peter | |